Las mejores narraciones de Jack London / (Record no. 143328)

MARC details
000 -CABECERA
campo de control de longitud fija 00744cam a22002414a 4500
003 - IDENTIFICADOR DEL NÚMERO DE CONTROL
campo de control UPN
005 - FECHA Y HORA DE LA ÚLTIMA TRANSACCIÓN
campo de control 20240806064035.0
008 - ELEMENTOS DE LONGITUD FIJA--INFORMACIÓN GENERAL
campo de control de longitud fija 090617s2000 es a r 000 j spa d
020 ## - NÚMERO INTERNACIONAL NORMALIZADO PARA LIBROS
Número Internacional Estándar del Libro 8426113753
035 ## - NÚMERO DE CONTROL DEL SISTEMA
Número de control de sistema UPN01000171223
040 ## - FUENTE DE LA CATALOGACIÓN
Centro catalogador/agencia de origen UPN
Lengua de catalogación spa
Centro/agencia transcriptor UPN
049 ## - COLECCIÓN
Colección CG
050 #4 - SIGNATURA TOPOGRÁFICA DE LA BIBLIOTECA DEL CONGRESO
Número de clasificación PS3523 O4.6
Número de documento/Ítem M4.4
100 1# - ASIENTO PRINCIPAL--NOMBRE PERSONAL
Nombre de persona London, Jack,
Fechas asociadas al nombre 1876-1916
9 (RLIN) 29024
245 14 - MENCIÓN DE TÍTULO
Título Las mejores narraciones de Jack London /
Mención de responsabilidad, etc. [Jack London] ; ilustraciones de Jaime Azpelicueta ; traducción Antonio Ribera,
260 ## - PUBLICACIÓN, DISTRIBUCIÓN, ETC.
Lugar de publicación, distribución, etc. Barcelona, Esp. :
Nombre del editor, distribuidor, etc. Juventud,
Fecha de publicación, distribución, etc. 2000.
300 ## - DESCRIPCIÓN FÍSICA
Extensión 222 p. :
Otras características físicas il.
490 0# - MENCIÓN DE SERIE
Mención de serie Libros de bolsillo Z
650 #4 - ASIENTO SECUNDARIO DE MATERIA - TERMINO TEMATICO
Término de materia o nombre geográfico como elemento de entrada Literatura estadounidense
9 (RLIN) 5229
650 #4 - ASIENTO SECUNDARIO DE MATERIA - TERMINO TEMATICO
Término de materia o nombre geográfico como elemento de entrada Historias de aventuras
9 (RLIN) 4131
905 ## - TIPO DE MATERIAL
Tipo de material Libro
942 ## - ELEMENTOS DE PUNTO DE ACCESO ADICIONAL (KOHA)
Fuente del sistema de clasificación o colocación Library of Congress Classification
Tipo de ítem Koha Libro
Holdings
Estado de retiro Estado de pérdida Fuente del sistema de clasificación o colocación Estado dañado No para préstamo Código de colección Localización permanente Ubicación/localización actual Ubicación en estantería Fecha de adquisición Total de préstamos Clasificación Código de barras Fecha visto por última vez Tipo de ítem Koha Número de copia Precio válido a partir de
    Library of Congress Classification     Colección General Bib. Gregorio Torres Quintero Bib. Gregorio Torres Quintero Planta baja 10/06/2022 1 PS3523 O4.6 M4.4 257848 31/12/2020 Libro    
    Library of Congress Classification     Colección General Bib. Gregorio Torres Quintero Bib. Gregorio Torres Quintero Planta baja 15/08/2022   PS3523 O4.6 M4.4 AP544 15/08/2022 Libro Ej.2 15/08/2022